Visualizzazione normale
Vista MARC
- Zúñiga, Baltasar de,
di Personal Name
Records bibliografici associati: 1
001 - CONTROL NUMBER
- control field: 6864
003 - CONTROL NUMBER IDENTIFIER
- control field: IT-RoINE
005 - DATE AND TIME OF LATEST TRANSACTION
- control field: 20200717044053.0
008 - FIXED-LENGTH DATA ELEMENTS
- fixed length control field: 140430|| aca||aabn | a|a d
040 ## - CATALOGING SOURCE
- Original cataloging agency: IT-RoINE
- Transcribing agency: IT-RoINE
100 1# - HEADING--PERSONAL NAME
- Personal name: Zúñiga, Baltasar de,
- Dates associated with a name: 1561-1622
- General subdivision: Biografía
670 ## - SOURCE DATA FOUND
- Source citation: Work cat.: (IT-RoINE)0: González Cuerva, Rubén 6863, Baltasar de Zúñiga :